Central Library OPAC University of Rajshahi

কবিতাসংগ্রহ / (Record no. 55122)

MARC details
000 -LEADER
fixed length control field 00884nam a2200253 a 4500
001 - CONTROL NUMBER
control field 55122
003 - CONTROL NUMBER IDENTIFIER
rucl marc code BD-RjUL
005 - DATE AND TIME OF LATEST TRANSACTION
control field 20211209080222.0
008 - FIXED-LENGTH DATA ELEMENTS--GENERAL INFORMATION
fixed length control field 161114s1995 ii ||||| |||| 00| 0 ben d
020 ## - INTERNATIONAL STANDARD BOOK NUMBER
International Standard Book Number 8170796083
Terms of availability : IRs.60.00
035 ## - SYSTEM CONTROL NUMBER
System control number (BD-RjUL)55244
040 ## - CATALOGING SOURCE
Original cataloging agency BD-RjUL
Language of cataloging ben
Transcribing agency BD-RjUL
Modifying agency BD-RjUL
041 ## - LANGUAGE CODE
Language code of text/sound track or separate title ben
082 ## - DEWEY DECIMAL CLASSIFICATION NUMBER
Edition number 23
Classification number 891.44108
Author mark and year GHK 1994
100 1# - MAIN ENTRY--PERSONAL NAME
Personal name ঘোষ, শঙ্খ
9 (RLIN) 127518
245 10 - TITLE STATEMENT
Title কবিতাসংগ্রহ /
Statement of responsibility, etc. শঙ্খ ঘোষ,
250 ## - EDITION STATEMENT
Edition statement ৩য় সং .
260 ## - PUBLICATION, DISTRIBUTION, ETC. (IMPRINT)
Place of publication, distribution, etc. কলকাতা :
Name of publisher, distributor, etc. দে'জ পাবলিশিং,
Date of publication, distribution, etc. ১৯৯৪ (১৪০১)
300 ## - PHYSICAL DESCRIPTION
Pagination খণ্ড :
Illustrations চিত্র ;
Size ২১ সেমি.
505 0# - FORMATTED CONTENTS NOTE
Formatted contents note খন্ড. ১ --
650 ## - SUBJECT ADDED ENTRY--TOPICAL TERM
Topical term or geographic name as entry element বাংলা কবিতা
Form subdivision সংগ্রহ
9 (RLIN) 145415
Topical term or geographic name as entry element Bengali Poetry
Form subdivision Collections
9 (RLIN) 145416
942 ## - ADDED ENTRY ELEMENTS (KOHA)
Source of classification or shelving scheme Dewey Decimal Classification
Koha item type Books
Holdings
Lost status Source of classification or shelving scheme Damaged status Not for loan Collection code Permanent Location Current Location Shelving location Date acquired Source of acquisition Cost, normal purchase price Total Checkouts Total Renewals Full call number Date last seen Date checked out Copy number Koha item type
  Dewey Decimal Classification     Non-fiction Central Library, University of Rajshahi Central Library, University of Rajshahi   07/01/1997 Ankur prokashoni, Dhaka. 60.00 2 1 B 891.44108 GHK V-1 1994 28/11/2018 11/11/2018 C-2 Books
  Dewey Decimal Classification   Not For Loan Non-fiction Central Library, University of Rajshahi Central Library, University of Rajshahi Reading Room 07/01/1997 Ankur prokashoni, Dhaka. 60.00     B 891.44108 GHK V-1 1994 09/02/2017   C-1 Books